El Fondo de la presión del Fondo

Guardat en:
Dades bibliogràfiques
Format: Text
Etiquetes: Afegir etiqueta
Sense etiquetes, Sigues el primer a etiquetar aquest registre!

MARC

LEADER 00000 a a2200000 04500
001 7111
003
040
245 |a El Fondo de la presión del Fondo  
773 |g volumen 18, número 212; páginas 3-11  
999 |c 39623  |d 39623